[Event "EU-ch U18 19th"]
[Site "Fermo"]
[Date "2009.09.03"]
[Round "4"]
[White "Filippas, Sebastian"]
[Black "Sivuk, Vitaly"]
[Result "1-0"]
[WhiteElo "2224"]
[BlackElo "2346"]
[PlyCount "120"]
[EventDate "2009.08.31"]
[EventType "swiss"]
[EventRounds "9"]
[EventCountry "ITA"]
[SourceTitle "CBM 132 Extra"]
[Source "ChessBase"]
[SourceDate "2009.11.03"]
[SourceVersion "1"]
[SourceVersionDate "2009.11.03"]
[SourceQuality "1"]

1. d4 Nc6 2. Nf3 d6 3. e4 Nf6 4. Nc3 g6 5. Be2 Bg7 6. 0-0 0-0 7. h3 a6 8. a4 e5 9. d5 Ne7 10. a5 Nh5 11. Re1 h6 12. Bf1 Nf4 13. Kh2 f5 14. exf5 Nxf5 15. Ne4 g5 16. Ra3 Kh8 17. g3 Ng6 18. Nfxg5 hxg5 19. Qh5+ Nh6 20. Bxg5 Nf4 21. gxf4 Qe8 22. Qh4 Qg6 23. Rg3 Bf5 24. Bf6 Rxf6 25. Rxg6 Rxg6 26. Ng3 Bxc2 27. f5 Rf6 28. Nh5 Rxf5 29. Nxg7 Kxg7 30. Rc1 Rf4 31. Qg3+ Bg6 32. Rxc7+ Kf6 33. Be2 Nf5 34. Qg1 Nd4 35. Bg4 Rh8 36. Qg3 Bf7 37. Rd7 Nb5 38. Be2 Nd4 39. Bg4 Nb5 40. Rxb7 Bxd5 41. Rb6 Ke7 42. Bf3 Rg8 43. Qxf4 exf4 44. Bxd5 Rc8 45. Rxa6 Rc2 46. Rb6 Rxf2+ 47. Kg1 Rxb2 48. Bc4 Rb1+ 49. Bf1 Ke6 50. Rxb5 Ra1 51. Kf2 d5 52. h4 Ke5 53. h5 Ra2+ 54. Kg1 f3 55. h6 Ra4 56. h7 Rh4 57. Bd3 Rh3 58. Rb8 Kd4 59. h8Q+ Rxh8 60. Rxh8 Kxd3 1-0

[Event "EU-ch U18 19th"]
[Site "Fermo"]
[Date "2009.08.31"]
[Round "1"]
[White "Filippas, Sebastian"]
[Black "Salgado Lopez, Ivan"]
[Result "1-0"]
[WhiteElo "2224"]
[BlackElo "2558"]
[PlyCount "49"]
[EventDate "2009.08.31"]
[EventType "swiss"]
[EventRounds "9"]
[EventCountry "ITA"]
[SourceTitle "CBM 132 Extra"]
[Source "ChessBase"]
[SourceDate "2009.11.03"]
[SourceVersion "1"]
[SourceVersionDate "2009.11.03"]
[SourceQuality "1"]

1. d4 Nf6 2. c4 e6 3. Nc3 Bb4 4. f3 0-0 5. a3 Bxc3+ 6. bxc3 Ne8 7. e4 b6 8. Bd3 Ba6 9. Ne2 Nc6 10. Be3 Na5 11. c5 Nc4 12. Bc1 Qc8 13. 0-0 bxc5 14. dxc5 Rb8 15. Ng3 d6 16. Qe2 d5 17. f4 Qd8 18. f5 Qe7 19. Kh1 Qxc5 20. exd5 exf5 21. Nxf5 Kh8 22. Rf4 Ned6 23. Ne7 f5 24. Rh4 Ne4 25. Rxh7+ 1-0

[Event "Athens Acropolis op-A 24th"]
[Site "Chalkida"]
[Date "2009.08.13"]
[Round "4"]
[White "Filippas, Sebastian"]
[Black "Klinova, Masha"]
[Result "1/2-1/2"]
[WhiteElo "1928"]
[BlackElo "2312"]
[PlyCount "89"]
[EventDate "2009.08.10"]
[EventType "swiss"]
[EventRounds "9"]
[EventCountry "GRE"]
[SourceTitle "CBM 131 Extra"]
[Source "ChessBase"]
[SourceDate "2009.09.03"]
[SourceVersion "2"]
[SourceVersionDate "2009.09.16"]
[SourceQuality "1"]

1. d4 d6 2. Nf3 Nf6 3. c4 g6 4. Nc3 Bg7 5. e4 0-0 6. Be2 e5 7. Be3 Nc6 8. d5 Ne7 9. Nd2 a5 10. c5 Ne8 11. Nc4 f5 12. f3 fxe4 13. fxe4 dxc5 14. Bxc5 b6 15. Bf2 Nd6 16. 0-0 Bd7 17. Qd2 Nec8 18. a4 Nxc4 19. Bxc4 Nd6 20. Qd3 Qe7 21. Bb5 Bh6 22. Bc6 Rad8 23. Bxd7 Rxd7 24. Qh3 Bf4 25. Bh4 g5 26. Bf2 Qg7 27. Qd3 g4 28. Nb5 Qh6 29. Bg3 Rdf7 30. Bxf4 exf4 31. e5 Nxb5 32. axb5 f3 33. Rf2 Rf5 34. Re1 Qf4 35. e6 Rh5 36. gxf3 gxf3 37. e7 Re8 38. Qxf3 Qxf3 39. Rxf3 Rxd5 40. Re2 Rg5+ 41. Kf1 Kg7 42. Rc3 Rxb5 43. Rxc7 Rf5+ 44. Ke1 Kf7 45. Kd2 1/2-1/2

[Event "Athens Acropolis op-A 24th"]
[Site "Chalkida"]
[Date "2009.08.12"]
[Round "3"]
[White "Efthimiadis, Ilias"]
[Black "Filippas, Sebastian"]
[Result "1/2-1/2"]
[WhiteElo "1988"]
[BlackElo "1928"]
[PlyCount "78"]
[EventDate "2009.08.10"]
[EventType "swiss"]
[EventRounds "9"]
[EventCountry "GRE"]
[SourceTitle "CBM 131 Extra"]
[Source "ChessBase"]
[SourceDate "2009.09.03"]
[SourceVersion "2"]
[SourceVersionDate "2009.09.16"]
[SourceQuality "1"]

1. d4 Nf6 2. Nf3 g6 3. c4 Bg7 4. Nc3 d5 5. Bg5 Ne4 6. Bh4 Nxc3 7. bxc3 dxc4 8. e3 Be6 9. Rb1 b6 10. Nd2 0-0 11. Nxc4 c5 12. Be2 Nc6 13. 0-0 Bxc4 14. Bxc4 Na5 15. Ba6 Qc7 16. Bg3 e5 17. Qa4 f5 18. dxe5 Bxe5 19. Rfd1 Rad8 20. Rxd8 Rxd8 21. Rd1 Bxg3 22. hxg3 Kg7 23. g4 Rxd1+ 24. Qxd1 fxg4 25. Qxg4 Qf7 26. a3 Nc6 27. Qe4 Qf6 28. Bb5 Ne5 29. Be2 Nf7 30. Qd3 Qd6 31. a4 Qe6 32. Qa6 Qd7 33. a5 Qd2 34. Qxa7 bxa5 35. Bc4 Qe1+ 36. Kh2 Qxf2 37. Bxf7 Qxf7 38. Qxc5 Qf5 39. Qd4+ Kh6 1/2-1/2